<?xml version="1.0" encoding="UTF-8"?>
<record
    xmlns:xsi="http://www.w3.org/2001/XMLSchema-instance"
    xsi:schemaLocation="http://www.loc.gov/MARC21/slim http://www.loc.gov/standards/marcxml/schema/MARC21slim.xsd"
    xmlns="http://www.loc.gov/MARC21/slim">

  <leader>01332nam a22002657a 4500</leader>
  <controlfield tag="001">3615</controlfield>
  <controlfield tag="003">FISKH</controlfield>
  <controlfield tag="005">20250528091806.0</controlfield>
  <controlfield tag="008">240328b        cb ||||| |||| 00| 0 eng d</controlfield>
  <datafield tag="020" ind1=" " ind2=" ">
    <subfield code="a">9789995054441</subfield>
  </datafield>
  <datafield tag="040" ind1=" " ind2=" ">
    <subfield code="a">FISKH</subfield>
    <subfield code="b">khr</subfield>
    <subfield code="c">FISKH</subfield>
    <subfield code="d">FISKH</subfield>
  </datafield>
  <datafield tag="050" ind1=" " ind2=" ">
    <subfield code="a">PZ7</subfield>
  </datafield>
  <datafield tag="082" ind1=" " ind2=" ">
    <subfield code="a">523.113</subfield>
  </datafield>
  <datafield tag="100" ind1=" " ind2=" ">
    <subfield code="a">Cannat, Guillaume </subfield>
  </datafield>
  <datafield tag="245" ind1=" " ind2=" ">
    <subfield code="a">&#x179B;&#x17C6;&#x17A0;&#x200B;&#x179A; &#x1780;&#x17B6;&#x17A1;&#x17B6;&#x200B;&#x1780;&#x17CB;&#x200B;&#x179F;&#x17CA;&#x17B8; &#x1795;&#x17D2;&#x1780;&#x17B6;&#x1799; &#x1793;&#x17B7;&#x1784;&#x200B;&#x1797;&#x1796;/ </subfield>
    <subfield code="c">&#x1793;&#x17B7;&#x1796;&#x1793;&#x17D2;&#x1792;&#x178A;&#x17C4;&#x1799; Guillaume Cannat ; &#x1794;&#x17D2;&#x179A;&#x17C2;&#x179F;&#x1798;&#x17D2;&#x179A;&#x17BD;&#x179B;&#x178A;&#x17C4;&#x1799; &#x179F;&#x17CA;&#x17BB;&#x1793;&#x17A0;&#x17C1;&#x1784;&#x200B; &#x1798;&#x17C9;&#x17C1;&#x1784;&#x1788;&#x17B6;&#x1784; </subfield>
  </datafield>
  <datafield tag="250" ind1=" " ind2=" ">
    <subfield code="a">This edition published in 2016</subfield>
  </datafield>
  <datafield tag="260" ind1=" " ind2=" ">
    <subfield code="a">Phnom Penh : </subfield>
    <subfield code="b">Sipar,  </subfield>
    <subfield code="c">1998.</subfield>
  </datafield>
  <datafield tag="300" ind1=" " ind2=" ">
    <subfield code="a">40 pages : </subfield>
    <subfield code="b">color illustrations ; </subfield>
    <subfield code="c">20 cm </subfield>
  </datafield>
  <datafield tag="520" ind1=" " ind2=" ">
    <subfield code="a">&#x1793;&#x17C5;&#x1780;&#x17D2;&#x1793;&#x17BB;&#x1784;&#x179F;&#x17C0;&#x179C;&#x1797;&#x17C5;&#x200B; &#x179B;&#x17C6;&#x17A0;&#x179A; &#x1780;&#x17B6;&#x17A1;&#x17B6;&#x1780;&#x17CB;&#x179F;&#x17CA;&#x17B8; &#x1795;&#x17D2;&#x1780;&#x17B6;&#x1799; &#x1793;&#x17B7;&#x1784;&#x1797;&#x1796; &#x1793;&#x17C1;&#x17C7;&#x179F;&#x17B7;&#x1780;&#x17D2;&#x179F;&#x17B6;&#x17A2;&#x17C6;&#x1796;&#x17B8;&#x179F;&#x1780;&#x179B;&#x200B; &#x1793;&#x17B7;&#x1784;&#x200B;&#x1799;&#x179B;&#x17CB;&#x178A;&#x17BA;&#x1784;&#x1796;&#x17B8;&#x1797;&#x1796;&#x1791;&#x17B6;&#x17C6;&#x1784;&#x17A1;&#x17B6;&#x1799;&#x178A;&#x17C2;&#x179B;&#x200B;&#x1793;&#x17C5;&#x1780;&#x17D2;&#x1798;&#x17BB;&#x1784;&#x1794;&#x17D2;&#x179A;&#x1796;&#x17D0;&#x1793;&#x17D2;&#x1792;&#x1796;&#x17D2;&#x179A;&#x17C7;&#x17A2;&#x17B6;&#x1791;&#x17B7;&#x178F;&#x17D2;&#x1799;</subfield>
  </datafield>
  <datafield tag="520" ind1=" " ind2=" ">
    <subfield code="a">In the space book, galaxies, stars and planets, learn about the universe and understand the planets in the solar system.</subfield>
  </datafield>
  <datafield tag="650" ind1=" " ind2=" ">
    <subfield code="a">&#x1797;&#x1796;</subfield>
    <subfield code="x">&#x179B;&#x17C6;&#x17A0;&#x179A; </subfield>
    <subfield code="y">&#x1795;&#x17D2;&#x1780;&#x17B6;&#x1799;&#x200B; </subfield>
  </datafield>
  <datafield tag="650" ind1=" " ind2=" ">
    <subfield code="a">Space </subfield>
    <subfield code="x">Star  </subfield>
    <subfield code="y">Planet </subfield>
  </datafield>
  <datafield tag="942" ind1=" " ind2=" ">
    <subfield code="2">ddc</subfield>
    <subfield code="c">KHB</subfield>
    <subfield code="n">0</subfield>
  </datafield>
  <datafield tag="999" ind1=" " ind2=" ">
    <subfield code="c">3615</subfield>
    <subfield code="d">3615</subfield>
  </datafield>
  <datafield tag="952" ind1=" " ind2=" ">
    <subfield code="0">0</subfield>
    <subfield code="1">0</subfield>
    <subfield code="2">ddc</subfield>
    <subfield code="4">0</subfield>
    <subfield code="7">0</subfield>
    <subfield code="8">KHMERNF</subfield>
    <subfield code="a">001</subfield>
    <subfield code="b">001</subfield>
    <subfield code="c">OKHR</subfield>
    <subfield code="d">2024-03-28</subfield>
    <subfield code="l">1</subfield>
    <subfield code="o">CAN 523.113 PZ7 </subfield>
    <subfield code="p">FISTK05088</subfield>
    <subfield code="r">2025-06-19 13:14:14</subfield>
    <subfield code="s">2025-05-26</subfield>
    <subfield code="t">1</subfield>
    <subfield code="w">2024-03-28</subfield>
    <subfield code="y">KHB</subfield>
  </datafield>
  <datafield tag="952" ind1=" " ind2=" ">
    <subfield code="0">0</subfield>
    <subfield code="1">0</subfield>
    <subfield code="2">ddc</subfield>
    <subfield code="4">0</subfield>
    <subfield code="7">0</subfield>
    <subfield code="8">KHMERNF</subfield>
    <subfield code="a">001</subfield>
    <subfield code="b">001</subfield>
    <subfield code="c">OKHR</subfield>
    <subfield code="d">2024-06-04</subfield>
    <subfield code="l">0</subfield>
    <subfield code="o">CAN 523.113 PZ7 </subfield>
    <subfield code="p">FISTK03738</subfield>
    <subfield code="r">2024-06-04 14:33:54</subfield>
    <subfield code="t">2</subfield>
    <subfield code="w">2024-06-04</subfield>
    <subfield code="y">KHB</subfield>
  </datafield>
  <datafield tag="952" ind1=" " ind2=" ">
    <subfield code="0">0</subfield>
    <subfield code="1">0</subfield>
    <subfield code="2">ddc</subfield>
    <subfield code="4">0</subfield>
    <subfield code="7">0</subfield>
    <subfield code="8">KHMERNF</subfield>
    <subfield code="a">001</subfield>
    <subfield code="b">001</subfield>
    <subfield code="c">SKB</subfield>
    <subfield code="d">2024-06-04</subfield>
    <subfield code="l">1</subfield>
    <subfield code="o">CAN 523.113 PZ7 </subfield>
    <subfield code="p">FISSE02266</subfield>
    <subfield code="r">2025-03-11 16:33:16</subfield>
    <subfield code="s">2025-03-11</subfield>
    <subfield code="t">3</subfield>
    <subfield code="w">2024-06-04</subfield>
    <subfield code="y">KHB</subfield>
  </datafield>
  <datafield tag="952" ind1=" " ind2=" ">
    <subfield code="0">0</subfield>
    <subfield code="1">0</subfield>
    <subfield code="2">ddc</subfield>
    <subfield code="4">0</subfield>
    <subfield code="7">0</subfield>
    <subfield code="8">KHMERNF</subfield>
    <subfield code="a">002</subfield>
    <subfield code="b">002</subfield>
    <subfield code="c">SKB</subfield>
    <subfield code="d">2024-06-04</subfield>
    <subfield code="l">0</subfield>
    <subfield code="o">CAN 523.113 PZ7 </subfield>
    <subfield code="p">FIS03991</subfield>
    <subfield code="r">2024-09-20 13:16:20</subfield>
    <subfield code="t">4</subfield>
    <subfield code="w">2024-06-04</subfield>
    <subfield code="y">KHB</subfield>
  </datafield>
  <datafield tag="952" ind1=" " ind2=" ">
    <subfield code="0">0</subfield>
    <subfield code="1">0</subfield>
    <subfield code="2">ddc</subfield>
    <subfield code="4">0</subfield>
    <subfield code="7">0</subfield>
    <subfield code="8">KHMERNF</subfield>
    <subfield code="a">002</subfield>
    <subfield code="b">002</subfield>
    <subfield code="c">SKB</subfield>
    <subfield code="d">2025-04-01</subfield>
    <subfield code="l">0</subfield>
    <subfield code="o">CAN 523.113 PZ7 </subfield>
    <subfield code="p">FISSE02220</subfield>
    <subfield code="r">2025-04-01 09:41:43</subfield>
    <subfield code="t">5</subfield>
    <subfield code="w">2025-04-01</subfield>
    <subfield code="y">KHB</subfield>
  </datafield>
  <datafield tag="952" ind1=" " ind2=" ">
    <subfield code="0">0</subfield>
    <subfield code="1">0</subfield>
    <subfield code="2">ddc</subfield>
    <subfield code="4">0</subfield>
    <subfield code="7">0</subfield>
    <subfield code="8">KHMERNF</subfield>
    <subfield code="a">002</subfield>
    <subfield code="b">002</subfield>
    <subfield code="c">SKB</subfield>
    <subfield code="d">2025-04-01</subfield>
    <subfield code="l">0</subfield>
    <subfield code="o">CAN 523.113 PZ7 </subfield>
    <subfield code="p">FISSE01532</subfield>
    <subfield code="r">2025-04-01 09:42:14</subfield>
    <subfield code="t">6</subfield>
    <subfield code="w">2025-04-01</subfield>
    <subfield code="y">KHB</subfield>
  </datafield>
  <datafield tag="952" ind1=" " ind2=" ">
    <subfield code="0">0</subfield>
    <subfield code="1">0</subfield>
    <subfield code="2">ddc</subfield>
    <subfield code="4">0</subfield>
    <subfield code="7">0</subfield>
    <subfield code="8">KHMERNF</subfield>
    <subfield code="a">002</subfield>
    <subfield code="b">002</subfield>
    <subfield code="c">TTP Khmer</subfield>
    <subfield code="d">2025-04-01</subfield>
    <subfield code="l">0</subfield>
    <subfield code="o">CAN 523.113 PZ7 </subfield>
    <subfield code="p">FIS05166</subfield>
    <subfield code="r">2025-04-01 09:47:16</subfield>
    <subfield code="t">7</subfield>
    <subfield code="w">2025-04-01</subfield>
    <subfield code="y">KHB</subfield>
  </datafield>
  <datafield tag="952" ind1=" " ind2=" ">
    <subfield code="0">0</subfield>
    <subfield code="1">0</subfield>
    <subfield code="2">ddc</subfield>
    <subfield code="4">0</subfield>
    <subfield code="7">0</subfield>
    <subfield code="8">KHMERNF</subfield>
    <subfield code="a">002</subfield>
    <subfield code="b">002</subfield>
    <subfield code="c">TTP Khmer</subfield>
    <subfield code="d">2025-04-01</subfield>
    <subfield code="l">0</subfield>
    <subfield code="o">CAN 523.113 PZ7 </subfield>
    <subfield code="p">FIS05242</subfield>
    <subfield code="r">2025-04-01 09:47:38</subfield>
    <subfield code="t">8</subfield>
    <subfield code="w">2025-04-01</subfield>
    <subfield code="y">KHB</subfield>
  </datafield>
  <datafield tag="952" ind1=" " ind2=" ">
    <subfield code="0">0</subfield>
    <subfield code="1">0</subfield>
    <subfield code="2">ddc</subfield>
    <subfield code="4">0</subfield>
    <subfield code="7">0</subfield>
    <subfield code="8">KHMERNF</subfield>
    <subfield code="a">002</subfield>
    <subfield code="b">002</subfield>
    <subfield code="c">TTP Khmer</subfield>
    <subfield code="d">2026-04-09</subfield>
    <subfield code="l">0</subfield>
    <subfield code="o">CAN 523.113 PZ7 </subfield>
    <subfield code="p">2026-0481</subfield>
    <subfield code="r">2026-04-09 11:33:23</subfield>
    <subfield code="t">9</subfield>
    <subfield code="w">2026-04-09</subfield>
    <subfield code="y">KHB</subfield>
  </datafield>
</record>
